|
|
|
|
| LEADER |
01420nam a2200301 a 4500 |
| 001 |
GR-Antirio764 |
| 008 |
090515s2006 nju b 001 0 gre d |
| 020 |
|
|
|a 0131547313
|
| 040 |
|
|
|a GrPaTEI
|b gre
|c GR-PaULI
|
| 040 |
|
|
|a GrPaTEI
|b gre
|c GR-PaULI
|
| 040 |
|
|
|a GrPaTEI
|b gre
|c GR-PaULI
|
| 082 |
|
0 |
|a 005.8
|2 22
|
| 100 |
0 |
|
|a Tibbs, Richard W.
|
| 245 |
1 |
0 |
|a Firewalls and VPNs :
|b principles and practices /
|c Tibbs, Richard W. , Oakes, Edward B.
|
| 260 |
|
|
|a Upper Saddle River, N. J. :
|b Pearson / Prentice Hall,
|c c 2006
|
| 300 |
|
|
|a xxii. , 442 σ. :
|b εικ. ;
|c 24 εκ.
|
| 490 |
0 |
|
|a Security series.
|
| 504 |
|
|
|a Περιλαμβάνει βιβλιογραφίες και ευρετήριο.
|
| 650 |
|
0 |
|a COMPUTER SECURITY
|
| 650 |
|
0 |
|a EXTRANETS ( COMPUTER NETWORKS)
|
| 650 |
|
0 |
|a FIREWALLS (COMPUTER SECURITY )
|
| 653 |
|
|
|a COMPUTER NETWORKS--SECURITY MEASURES
|
| 700 |
0 |
|
|a Oakes, Edward B.
|
| 942 |
|
|
|2 ddc
|
| 952 |
|
|
|0 0
|1 0
|2 ddc
|4 0
|6 005_800000000000000_TIB
|7 0
|9 262160
|a LISK-2
|b LISK-2
|c BSC
|d 2021-01-17
|e 24
|f 0
|g 0.00
|l 0
|o 005.8 TIB
|p 2430000007186
|r 2021-01-17 00:00:00
|t 1
|w 2021-01-17
|y BK15
|x 20090515 0 1
|x GrPaTEI - Antirrio
|
| 952 |
|
|
|0 0
|1 0
|2 ddc
|4 0
|6 005_800000000000000_TIB
|7 0
|9 262161
|a LISK-2
|b LISK-2
|c BSC
|d 2021-01-17
|e 24
|f 0
|g 0.00
|l 0
|o 005.8 TIB
|p 2430000007187
|r 2021-01-17 00:00:00
|t 1
|w 2021-01-17
|y BK15
|x 20090515 0 1
|x GrPaTEI - Antirrio
|
| 971 |
|
|
|a .b25705635
|b 01-10-20
|c 12-09-16
|
| 999 |
|
|
|c 151198
|d 151198
|